Analýza a využitie metrík použiteľnosti pri testovaná SW

Gespeichert in:
Bibliographische Detailangaben
1. Verfasser: Fedorová, Erika, 1969- (Verfasst von)
Weitere Verfasser: Michaľčonok, German, 1946- (Betreuung Doktorarbeit)
Format: Manuskript Buch
Sprache:Slowakisch
Veröffentlicht: STU v Bratislave MTF UIAM, 2010
Schlagworte:
Online-Zugang:VAIS
Tags: Tag hinzufügen
Keine Tags, Fügen Sie das erste Tag hinzu!

MARC

LEADER 00000ntm a22000003a 4500
001 stu206237
005 20160719160211.1
008 100702s2010------------------------slo-d
040 |a STU  |b slo 
041 0 |a slo 
100 1 |a Fedorová, Erika,  |d 1969-  |4 aut  |X 13272  |7 A000013272 
242 0 0 |a The analysis and use of the metrics usability for the testing of software.  |y eng 
245 1 |a Analýza a využitie metrík použiteľnosti pri testovaná SW 
260 |b STU v Bratislave MTF UIAM,  |c 2010 
650 7 |a quality  |2 estusub 
700 1 |a Michaľčonok, German,  |d 1946-  |4 ths  |u M6000  |U MTF Materiálovotechnologická fakulta  |T MTF Ústav aplikovanej informatiky, automatizácie a matematiky  |X 245  |U M6000  |Y 86  |7 A000000245 
856 4 |a info a plný text  |u http://is.stuba.sk/zp/portal_zp.pl?podrobnosti=75183  |3 VAIS 
996 |c M*DP-9168  |l MMSKP  |s P  |a 0  |w stu206237_0001